Corrupción en Costa Rica: análisis, discusión y propuesta de acción /
Gorde:
| Egile nagusia: | |
|---|---|
| Beste egile batzuk: | , |
| Formatua: | Ezezaguna |
| Argitaratua: |
San José:
CEDAL. Friedrich Ebert Stiftung
|
| Gaiak: | |
| Etiketak: |
Etiketa erantsi
Etiketarik gabe, Izan zaitez lehena erregistro honi etiketa jartzen!
|
MARC
| LEADER | 00000 a2200000 04500 | ||
|---|---|---|---|
| 001 | 29995 | ||
| 003 | |||
| 008 | 991231s d | ||
| 040 | |||
| 020 | |a 9977-961-30-1 | ||
| 022 | |a 9977-961-30-1 | ||
| 090 | |a 193401 | ||
| 100 | |a Villasuso Estomba, Juan Manuel | ||
| 245 | |a Corrupción en Costa Rica: análisis, discusión y propuesta de acción / |c Juan Manuel Villasuso Estomba | ||
| 260 | |a San José: |b CEDAL. Friedrich Ebert Stiftung | ||
| 300 | |a 291 p. | ||
| 650 | |a CORRUPCION | ||
| 650 | |a OPINION | ||
| 650 | |a SECTOR PUBLICO | ||
| 650 | |a SECTOR PRIVADO | ||
| 650 | |a SINDICATOS | ||
| 650 | |a MEDIOS DE COMUNICACION DE MASAS | ||
| 650 | |a PARTIDOS POLITICOS | ||
| 650 | |a CORRUPCION | ||
| 650 | |a OPINION | ||
| 700 | |a Rojas Rodríguez, Cristina | ||
| 700 | |a Arroyo Flores, Marcos Vinicio | ||
| 999 | |c 12748 |d 12748 | ||



